-
Avadhanulu MN & Kshrisagar P.G.
Entry Personal Name
Number of records used in: 2
001 - CONTROL NUMBER
003 - CONTROL NUMBER IDENTIFIER
005 - DATE AND TIME OF LATEST TRANSACTION
- control field:
20160519154548.0
008 - FIXED-LENGTH DATA ELEMENTS
- fixed length control field:
160519|| aca||aabn | a|a d
040 ## - CATALOGING SOURCE
- Original cataloging agency:
OSt
- Transcribing agency:
OSt
100 ## - HEADING--PERSONAL NAME
- Personal name:
Avadhanulu MN & Kshrisagar P.G.
670 ## - SOURCE DATA FOUND
- Source citation:
Work cat.: (OSt): Avadhanulu MN & Kshrisagar P.G., A Text book of Engineering Physics, 1992